[Event "Schenectady op05"]
[Site "Schenectady"]
[Date "2003.05.18"]
[Round "2"]
[White "Kabelac, Jiri"]
[Black "Interis, Matthew"]
[Result "1/2-1/2"]
[WhiteElo "1885"]
[BlackElo "1885"]
[PlyCount "97"]
[EventDate "2003.05.18"]
[EventType "swiss"]
[EventRounds "3"]
[EventCountry "USA"]
[SourceTitle "EXT 2008"]
[Source "ChessBase"]
[SourceDate "2007.11.25"]
[SourceVersion "1"]
[SourceVersionDate "2007.11.25"]
[SourceQuality "1"]

1. e4 c5 2. d4 cxd4 3. c3 dxc3 4. Nxc3 e6 5. Nf3 Bb4 6. Qd4 Bxc3+ 7. bxc3 f6 8. Ba3 Ne7 9. Bc4 0-0 10. 0-0 Nbc6 11. Qd6 a6 12. Rfd1 Ng6 13. Nd4 Nge5 14. Bb3 Re8 15. Nxc6 Nxc6 16. Rd3 Qe7 17. Rh3 b5 18. Rd1 a5 19. Qxc6 dxc6 20. Bxe7 Rxe7 21. Rd8+ Kf7 22. Rxh7 c5 23. Rhh8 Rc7 24. Bd1 f5 25. e5 Ke7 26. Rhe8+ Kf7 27. Bh5+ g6 28. Rf8+ Kg7 29. Rg8+ Kh6 30. Bxg6 Rg7 31. Bf7 Rxf7 32. Rxc8 Rd7 33. Kf1 Rxc8 34. Rxc8 Rd5 35. f4 Kg6 36. Rf8 Rd1+ 37. Ke2 Ra1 38. Rf6+ Kh5 39. Rxe6 Rxa2+ 40. Kd3 a4 41. Rb6 Rxg2 42. Rxb5 a3 43. Rxc5 a2 44. Ra5 Rxh2 45. c4 Kg4 46. e6 Kxf4 47. e7 Rh3+ 48. Kd2 Re3 49. Rxa2 1/2-1/2